000 00660nam a2200205 4500
001 121075
003 ES-MaACL
005 20240320062611.0
007 t|
008 070214s1944 sp r ||||1| spa d
245 0 3 _aLa preocupación de España en su literatura
_b: antología /
_c[selección de] Dolores Franco ; prólogo de Azorín.
260 _aMadrid :
_bAdán,
_c1944.
300 _a420 p., 9 lám. ;
_c23 cm.
490 1 _aLa meditación literaria
700 1 _aFranco, Dolores.
_952220
700 0 _aAzorín,
_d1873-1967
_924326
830 0 _aLa meditación literaria
_9232714
852 _aES-MaACL
_jG-2938
_bR.20545
999 _c121075
_d121075